Statistics for Sean's General Knowledge Quiz

Click here to take the quiz!

General Stats

  • This quiz has been taken 51 times
    (23 since last reset)
  • The average score is 6 of 15

Answer Stats

HintAnswer% Correct
What is the capital of Switzerland?Bern
95%
What year did Michael Jackson die?2009
80%
What individual discovered Australia in the 1700s?James Cook
60%
What are Hawaii's islands created from?Volcanoes
60%
Who was the youngest president ever elected into office?John F. Kennedy
55%
What was the first of the thirteen colonies to become a state?Delaware
45%
What is the main protagonist of Pokemon?Ash Ketchum
35%
Who was the oldest president ever elected into office?Donald Trump
30%
How many Super Bowls have there been as of 2018?52
25%
What First Lady saved the iconic portrait of George Washington during the War of 1812 when the White House was being burnt down by the British?Dolley Madison
25%
Who was the tallest man ever to live at 8' 11"?Robert Wadlow
20%
What did they use as baskets (hoops and nets) during the first game above?Peaches
15%
When was the first official basketball game played?1891
10%
Who was the heaviest man ever to live at 1,400 pounds?Jon Brower Minnoch
10%
What was Ronald Reagan's favorite flavor of jelly bean?Coconut
0%

Score Distribution

Percentile by Number Answered

Percent of People with Each Score

Your Score History

You have not taken this quiz since the last reset